000 004370000a22001810004500
003 MACL
005 20151230161454.0
008 151230b xxu||||| |||| 00| 0 eng d
040 _aMACL
_cMACL
041 _aEnglish
082 _a320/MAN
100 _aMankekar, D R
_915278
245 _aWhose Freedom Whose Order
260 _bClarion Books
_c1981
350 _a55
650 _aPolitical Science
_925214
942 _cBK
_k320/Man
_2ddc
999 _c34459
_d34459